Digital Electronics ( DEPARTMENTAL ) (Record no. 1689)

MARC details
000 -LEADER
fixed length control field 00473nam a2200181Ia 4500
008 - FIXED-LENGTH DATA ELEMENTS--GENERAL INFORMATION
fixed length control field 221030s9999 xx 000 0 und d
020 ## - INTERNATIONAL STANDARD BOOK NUMBER
ISBN 9812403523
041 ## - LANGUAGE CODE
Language code of text/sound track or separate title
082 ## - DEWEY DECIMAL CLASSIFICATION NUMBER
Classification number 105.23
Item number Big
100 ## - MAIN ENTRY--AUTHOR NAME
Personal name J. Bignell
245 #0 - TITLE STATEMENT
Title Digital Electronics ( DEPARTMENTAL )
Statement of responsibility, etc by J. Bignell, R. Donovan
250 ## - EDITION STATEMENT
Edition statement 4th
260 ## - PUBLICATION, DISTRIBUTION, ETC. (IMPRINT)
Name of publisher Thomason Asia Ltd. singapore
Place of publication New Delhi
Year of publication 2001
300 ## - PHYSICAL DESCRIPTION
Number of Pages 731
650 ## - SUBJECT ADDED ENTRY--TOPICAL TERM
Topical Term ECE Departmental
700 ## - ADDED ENTRY--PERSONAL NAME
Personal name R. Donovan
942 ## - ADDED ENTRY ELEMENTS (KOHA)
Koha item type Books
Holdings
Accession Number Cost, normal purchase price Full call number Price effective from Koha item type Withdrawn / writtenoff status Materials specified (bound volume or other part) Damaged status Not for loan Permanent Location Current Location Shelving location Date acquired Lost/ Missing status department
BE 4739 330.00 105.23 Big 10/30/2022 Books   Print     MIET Library, Jammu MIET Library, Jammu BL-Departmental, FL-1, CUP-93, SH-2, R-2 01/15/2002   BE